Responses for show #3955 - Friday, November 9, 2001

2001 College Championship quarterfinal game 3.
From the campus at UCLA.

Contestants

[<< previous game]

Sam Weaver, a sophomore at Bradley University from Pleasanton, California

Susan Haarman, a sophomore at Marquette University from Louisville, Kentucky

Sara Dean, a junior at Syracuse University from Olney, Maryland

[next game >>]

Jeopardy! Round responses

ON THE BOOKSHELF
VIDEO GAME WORLD
(Alex: We want you to name the country in this category...)
SECOND-LARGEST CITIES
STIMULANTS
COLLEGES & UNIVERSITIES
IN THE DICTIONARY
    $100 1
Tiny Tim

Sara
    $100 6
Nintendo

Sam
    $100 11
Egypt

Sam
    $100 26
caffeine

Susan
    $100 16
University of Washington

Triple Stumper
    $100 21
of

Sara
    $200 2
Esmeralda

Susan
    $200 7
(Sam: What is, uh, The Little Mermaid?)

Atlantis

SusanSam
    $200 12
(Susan: What is Mexico?)
...
(Alex: Quezon City in [*]. Manila is the largest.)

the Philippines

Susan
Triple Stumper
    $200 27
asthma

Susan
    $200 17
Yale

Sara
    $200 22
dreamt

Susan
    $300 3
(Susan: Who is Armand?)

Lestat

SaraSusan
    $300 8
Myst

Sara
    $300 13
Greece

Sam
    $300 28
fen-phen

Sara
    $300 18
Vanderbilt

Sara
    $300 23
(Alex: Correct with a minute to go.)

Monday

Sam
    $500 4
Rabbit

Sara
    $400 9
Tom Clancy

Susan
    $400 14
(Alex: Warsaw is the largest, so the country is [*].)

Poland

Triple Stumper
    $400 29
strychnine

Triple Stumper
    $400 19
(Sam: What is University of North Carolina?)
(Susan: What is Chapel Hill?)

Duke

SusanSam
Triple Stumper
    $400 24
prospector

Triple Stumper
    $500 5
(Susan: What is the [*]?)

"Jabberwocky"

Susan
    $500 10
Final Fantasy

Susan
    $500 15
(Susan: What is Mozambique?)
...
(Alex: The largest city is Nairobi, Mombasa is the second-largest city, and it's the largest port in [*].)

Kenya

Susan
Triple Stumper
    $500 30
epinephrine

Triple Stumper
    $500 20
Brown University

Triple Stumper
    $500 25
oology

Sara

Scores at the first commercial break (after clue 15):

Sara Susan Sam
$1,200 $800 $300

Scores at the end of the Jeopardy! Round:

Sara Susan Sam
$2,600 $900 $200

Double Jeopardy! Round responses

ANT HISTORY
FUN WITH FUNGUS
DIAGNOSIS MURDER
2 OUT OF 3 AIN'T BAD
TAKE ME TO THE THEATRE!
FORWARDS & BACK-WORDS
(Alex: Each response is two words--each one being the other spelled backwards.)
    $200 9
St. Peter's

Susan
    $200 21
gills

Susan
    $200 26
Julius Caesar

Sara
    $200 1
(Sam: What is GM?... All right, [*]?)

General Mills

Sam
    $200 4
Beauty and the Beast

Sara
    $200 14
reed & deer

Sara
    $400 10
Nike

Susan
    $400 22
lichen

Susan
    $400 27
Oedipus

Sara
    $400 2
(Alex: Willie Mosconi is a famous [*] player--that's the game.)

pool

Triple Stumper
    $400 5
Harry Connick

Sam
    $400 15
star & rats

Susan
    $1,000 11
(Susan: Who is Picasso?)

Piet Mondrian

Susan
    $600 23
(Sam: What are hops?)
...
(Alex: Minute to go.)

yeast

SaraSam
    $600 28
Rasputin

Sara
    $600 3
(Sam: What is 2001 and 3001?)

Arthur C. Clarke

SusanSam
    $600 6
Janis Joplin

Sara
    $600 16
yam & May

Sara
    $800 12
Frida Kahlo

Susan
    $800 24
athlete's foot

Sara
    $800 29
(Sara: Who is Bugsy?)
(Alex: Be more specific.)
(Sara: [Chuckles])
(Alex: Not enough.)

(Benjamin) "Bugsy" Siegel

SaraSusan
    $800 19
The King and I

Sara
    $800 7
The Rocky Horror Show

Sam
    $800 17
edit & tide

Sara
    $1000 13
John Singer Sargent

Triple Stumper
    $1000 25
chlorophyll

Sara
    $1000 30
(Jean-Paul) Marat

Sara
    $1000 20
(Susan: What is furniture and handicrafts?)

the Shakers

Susan
Triple Stumper
    $1000 8
Rent

Susan
    $1000 18
[Applause for Sara's near-run of the category]

Eros & sore

Sara

Scores at the end of the Double Jeopardy! Round:

Sara Susan Sam
$10,600 $3,700 $400
(lock game)

Final Jeopardy! Round responses

STATE CAPITALS
SamWhat is Jackson, Mississippi?
$400
SusanWhat is Jac Aus Jackson-ville
$3,700
SaraWhat is I dont k
$2,500
Jackson, Mississippi

Final scores:

Sara Susan Sam
$8,100 $0 $800
Automatic semifinalist 3rd place: $2,500 if eliminated 2nd place: $2,500 if eliminated

Game dynamics:

Coryat scores:

Sara Susan Sam
$10,500 $4,700 $400
23 R
(including 2 DDs),
1 W
17 R,
6 W
(including 1 DD)
7 R,
4 W

Combined Coryat: $15,600

The J! Archive is created by fans, for fans. The Jeopardy! game show and all elements thereof, including but not limited to copyright and trademark thereto, are the property of Jeopardy Productions, Inc. and are protected under law. This website is not affiliated with, sponsored by, or operated by Jeopardy Productions, Inc. Join the discussion at JBoard.tv.